000 01194nam0a2200289 4500
001 RU\NLR\bibl\476484
005 20260406125145.0
010 _a5-17-014307-9
_bАСТ
010 _a5-94643-045-9
_bНФ "Пушкин. б-ка"
_97000
021 _aRU
_b2003-57383
_92804
035 _a(NLR Aleph) 000469490
090 _a984559
_c984559
100 _a20031226d2003 |||y0rusy50 ca
101 1 _arus
_cger
102 _aRU
105 _ay |||||||||
200 1 _aСтрадания юного Вертера
_aФауст
_aСтихотворения
_e[Пер. с нем.]
_fИоганн Вольфганг Гете
_g[Вступ. ст. Т. Манна
_gПримеч. Е.Е. Дмитриевой]
210 _aМ.
_cАСТ
_cНФ "Пушкин. б-ка"
_d2003
215 _a748, [3] с.
_d22
225 1 _aЗолотой фонд мировой классики
_fРедкол. Аверинцев С.С. и др.
686 _aШ6(4Г)457-4{Лх1355-45}
700 1 _4070
_8rus
_7ca
_aГете
_bИ. В.
_f1749-1832
_gИоганн Вольфганг
_3RU\NLR\auth\771353
_9111380
801 0 _aRU
_bNLR
_c20031226
_gPSBO
801 1 _aRU
_bNLR
_c20031226
942 _cBOOK
980 _aNB